<?xml version="1.0" encoding="UTF-8"?>
<record
    xmlns:xsi="http://www.w3.org/2001/XMLSchema-instance"
    xsi:schemaLocation="http://www.loc.gov/MARC21/slim http://www.loc.gov/standards/marcxml/schema/MARC21slim.xsd"
    xmlns="http://www.loc.gov/MARC21/slim">

  <leader>01426nam a22002417a 4500</leader>
  <controlfield tag="003">OSt</controlfield>
  <controlfield tag="005">20220831124255.0</controlfield>
  <controlfield tag="008">180209b        xxu||||| |||| 00| 0 eng d</controlfield>
  <datafield tag="020" ind1=" " ind2=" ">
    <subfield code="a">9780199608300</subfield>
  </datafield>
  <datafield tag="040" ind1=" " ind2=" ">
    <subfield code="c">LC</subfield>
  </datafield>
  <datafield tag="050" ind1=" " ind2=" ">
    <subfield code="a">RJ48.T37</subfield>
  </datafield>
  <datafield tag="245" ind1=" " ind2=" ">
    <subfield code="a">Oxford Handbook of Paediatrics. /</subfield>
    <subfield code="c">[edited by Robert C. Tasker, Robert J. McClure, Carlo L. Acerini]</subfield>
  </datafield>
  <datafield tag="250" ind1=" " ind2=" ">
    <subfield code="a">2nd ed.</subfield>
  </datafield>
  <datafield tag="260" ind1=" " ind2=" ">
    <subfield code="a">Oxford:</subfield>
    <subfield code="b">Oxford University Press,</subfield>
    <subfield code="c">2013.</subfield>
  </datafield>
  <datafield tag="300" ind1=" " ind2=" ">
    <subfield code="a">xlviii, 1072 p.:</subfield>
    <subfield code="b">ills.;</subfield>
    <subfield code="c">18cm.</subfield>
  </datafield>
  <datafield tag="500" ind1=" " ind2=" ">
    <subfield code="a">Includes Index.</subfield>
  </datafield>
  <datafield tag="505" ind1=" " ind2=" ">
    <subfield code="a">Contents: Practicing Paediatrics -- Epidemiology,evidence,and Practice -- Clinical assessment -- Resuscitation -- Emergency and high dependency care -- Neonatology -- Practical Procedures -- Cardiovascular -- Respiratory medicine -- Gastroenterology and nutrition -- Nephrology -- Endocrinology and diabetes -- Growth and Puberty -- Neurology -- Child Development -- Child and Family psychiatry -- Haematology -- Oncology -- Infectious diseases -- Bones and joints - Adolescent health -- Dermatology -- Pediatric Surgery --  Special senses -- Genetics -- Inherited metabolic disease -- Community child health -- Child Protection -- Pharmacology and therapeutics -- International health and travel -- Paediatrics, ethics and  the law -- </subfield>
  </datafield>
  <datafield tag="650" ind1=" " ind2=" ">
    <subfield code="2">Pediatrics</subfield>
  </datafield>
  <datafield tag="700" ind1=" " ind2=" ">
    <subfield code="a">Tasker, Robert C.</subfield>
    <subfield code="9">301</subfield>
  </datafield>
  <datafield tag="700" ind1=" " ind2=" ">
    <subfield code="a">McClure, Robert J.</subfield>
    <subfield code="9">302</subfield>
  </datafield>
  <datafield tag="700" ind1=" " ind2=" ">
    <subfield code="a">Acerini, Carlo L.</subfield>
    <subfield code="9">303</subfield>
  </datafield>
  <datafield tag="942" ind1=" " ind2=" ">
    <subfield code="2">lcc</subfield>
    <subfield code="c">BK</subfield>
  </datafield>
  <datafield tag="999" ind1=" " ind2=" ">
    <subfield code="c">9187</subfield>
    <subfield code="d">16687</subfield>
  </datafield>
  <datafield tag="952" ind1=" " ind2=" ">
    <subfield code="0">0</subfield>
    <subfield code="1">0</subfield>
    <subfield code="2">lcc</subfield>
    <subfield code="4">0</subfield>
    <subfield code="7">0</subfield>
    <subfield code="a">WIUC-KL</subfield>
    <subfield code="b">WIUC-KL</subfield>
    <subfield code="c">NURS L.</subfield>
    <subfield code="d">2019-07-09</subfield>
    <subfield code="l">0</subfield>
    <subfield code="o">RJ48.T37(2e)</subfield>
    <subfield code="p">KSN/346/19</subfield>
    <subfield code="r">2022-08-31 00:00:00</subfield>
    <subfield code="w">2022-08-31</subfield>
    <subfield code="y">BK</subfield>
  </datafield>
</record>
